书目信息 |
| 题名: |
新型开关电源设计与应用
|
|
| 作者: | 何希才 编著 | |
| 分册: | ||
| 出版信息: | 北京 科学出版社 2001 |
|
| 页数: | 328页 | |
| 开本: | 26cm | |
| 丛书名: | 实用电源技术丛书 | |
| 单 册: | ||
| 中图分类: | TM91 | |
| 科图分类: | ||
| 主题词: | 电源--技术 | |
| 电子资源: | ||
| ISBN: | 7-03-008894-8 | |
| 000 | 00655nam0 2200229 450 | |
| 001 | 0633886983 | |
| 005 | 20060116092750.01 | |
| 010 | @a7-03-008894-8@dCNY32.00 | |
| 092 | @aCN | |
| 100 | @a20060116d2001 km y0chiy0120 ea | |
| 101 | 0 | @achi |
| 102 | @aCN@b110000 | |
| 200 | 1 | @a新型开关电源设计与应用@Axin xing kai guan dian yuan she ji yu ying yong@f何希才编著@Fhe xi cai bian zhu |
| 210 | @a北京@c科学出版社@d2001 | |
| 215 | 1 | @a328页@d26cm |
| 225 | 2 | @a实用电源技术丛书 |
| 410 | 0 | @12001 @a实用电源技术丛书 |
| 606 | 0 | @a电源@x技术 |
| 690 | @aTM91@v4 | |
| 701 | 0 | @a何希才@Ahe xi cai@4编著 |
| 801 | 0 | @aCN@bPFT@c20060116 |
| 905 | @a10447@dTM91@e79 | |
| 新型开关电源设计与应用/何希才编著.-北京:科学出版社,2001 |
| 328页;26cm.-(实用电源技术丛书) |
| ISBN 7-03-008894-8:CNY32.00 |
| ● |
| 相关链接 |
|
|
|
|
正题名:新型开关电源设计与应用
索取号:TM91/79
 
预约/预借
| 序号 | 登录号 | 条形码 | 馆藏地/架位号 | 状态 | 备注 |
| 1 | 0337953 | 203379539 | 第二样本阅览室/ [索取号:TM91/79] | 在馆 | |
| 2 | 0337954 | 203379548 | 第三借阅区/ [索取号:TM91/79] | 在馆 | |
| 3 | 0337955 | 203379557 | 第三借阅区/ [索取号:TM91/79] | 在馆 | |
| 4 | 0337956 | 203379566 | 第三借阅区/ [索取号:TM91/79] | 在馆 | |
| 5 | 0337957 | 203379575 | 第三借阅区/ [索取号:TM91/79] | 在馆 |